000
00268nam a2200109Ia 4500
008
190216s9999||||xx |||||||||||||| ||und||
100
_a
Shukla M.C
245
0
_a
Business Organisation And Management
260
_b
Sulthan Chand&Sons
_c
2002
300
_a
878p
942
_c
BK
999
_c
3901
_d
3901